Dynamics Economics: Quantitative Methods and Applications (Record no. 3112)

MARC details
005 - DATE AND TIME OF LATEST TRANSACTION
control field 20250603145325.0
020 ## - INTERNATIONAL STANDARD BOOK NUMBER
International Standard Book Number 0-262-01201-4
082 ## - DEWEY DECIMAL CLASSIFICATION NUMBER
Classification number TEA LECT 330.015 ADD
100 ## - MAIN ENTRY--PERSONAL NAME
Author name ADDA, J.
245 ## - TITLE STATEMENT
Title Dynamics Economics: Quantitative Methods and Applications
260 ## - PUBLICATION, DISTRIBUTION, ETC.
Place of publication, distribution, etc. London,
Name of publisher, distributor, etc. The MIT Press,
Date of publication, distribution, etc. 2003.
300 ## - PHYSICAL DESCRIPTION
Extent xi, 279p.: figure, table.
Other physical details Bibliography, index.
Dimensions 24cm.
700 ## - ADDED ENTRY--PERSONAL NAME
Other authors/Editors COOPER, R.
856 ## - ELECTRONIC LOCATION AND ACCESS
Link text Access online book
Electronic name Dynamic Economics
Path http://mitpress.mit.edu
942 ## - ADDED ENTRY ELEMENTS (KOHA)
Source of classification or shelving scheme Dewey Decimal Classification
Koha item type Books
Holdings
Date last seen Total checkouts Full call number Barcode Cost, replacement price Price effective from Koha item type Lost status Source of classification or shelving scheme Damaged status Not for loan Withdrawn status Home library Current library Shelving location Date acquired Cost, normal purchase price
06/03/2025   TEA LECT 330.015 ADD 00000010753 460344.00 06/03/2025 Books   Dewey Decimal Classification       College of Business Education Main Library College of Business Education Main Library General Collection 04/22/2005 153448.00
06/03/2025   TEA LECT 330.015 ADD 00000010754 460344.00 06/03/2025 Books   Dewey Decimal Classification       College of Business Education Main Library College of Business Education Main Library General Collection 04/22/2005 153448.00
06/03/2025   TEA LECT 330.015 ADD 00000010755 460344.00 06/03/2025 Books   Dewey Decimal Classification       College of Business Education Main Library College of Business Education Main Library General Collection 04/22/2005 153448.00